| 000 | 00348nam a22001457a 4500 | ||
|---|---|---|---|
| 003 | OSt | ||
| 005 | 20160727222339.0 | ||
| 008 | 160618b xxu||||| |||| 00| 0 eng d | ||
| 040 | _cTEST | ||
| 100 |
_948 _aKueffner, S |
||
| 245 |
_aOur New Baby _bOur New Baby |
||
| 260 |
_aN.Y _bReader's Digest Children _c1999 |
||
| 300 | _aOur New Baby | ||
| 942 |
_2ddc _cBK |
||
| 999 |
_c41 _d41 |
||